Trucking business.

Bibliographic Details
New Title:Heavy truck transportation
Previous Title:Power wagon
Motor truck journal
Format: Journal
Language:English
Published: Glenview, Ill. : Bobit Pub. Co.
Subjects:

MARC

Tag First Indicator Second Indicator Subfields
LEADER 00000cas a2200000L 4500
001 in00000049282
005 20151007065741.0
008 760712d19631973ilumr p 0uuua0eng d
035 |a (OCoLC)02451241 
035 |9 AAE2604AM 
040 |a QPR  |c QPR  |d TXA  |d UtOrBLW 
049 |a TXAE 
090 |a TL1  |b .T75 
245 0 0 |a Trucking business. 
264 1 |a Glenview, Ill. :  |b Bobit Pub. Co. 
300 |a 11 volumes :  |b illustrations  |a monthly. 
336 |a text  |b txt  |2 rdacontent 
337 |a unmediated  |b n  |2 rdamedia 
338 |a volume  |b nc  |2 rdacarrier 
362 0 |a v. 57-67; April 1963-Dec. 1973. 
580 |a Continues Power wagon combined with Motor truck journal assuming the vol. numbering of the latter. 
650 0 |a Trucks  |v Periodicals. 
780 1 0 |t Power wagon 
780 1 0 |t Motor truck journal 
785 0 0 |t Heavy truck transportation 
999 |a MARS 
999 f f |s eca6e16b-5581-34a5-bb58-f91913df7ff6  |i ac481c20-4eae-31b3-a115-0644826dca9d  |t 0 
952 f f |p ric  |a Texas A&M University  |b Rellis Campus  |c Joint Library Facility  |d Remote Storage  |t 0  |e TL1 .T75  |h Library of Congress classification  |i unmediated -- volume  |k v.59  |l 1965  |m A14852089961 
952 f f |p ric  |a Texas A&M University  |b Rellis Campus  |c Joint Library Facility  |d Remote Storage  |t 0  |e TL1 .T75  |h Library of Congress classification  |i unmediated -- volume  |k v.60  |l 1966  |m A14852089979 
952 f f |p ric  |a Texas A&M University  |b Rellis Campus  |c Joint Library Facility  |d Remote Storage  |t 0  |e TL1 .T75  |h Library of Congress classification  |i unmediated -- volume  |k v.65  |l 1971  |m A14852090001 
952 f f |p ric  |a Texas A&M University  |b Rellis Campus  |c Joint Library Facility  |d Remote Storage  |t 0  |e TL1 .T75  |h Library of Congress classification  |i unmediated -- volume  |k v.62  |l 1968  |m A14852089995 
952 f f |p ric  |a Texas A&M University  |b Rellis Campus  |c Joint Library Facility  |d Remote Storage  |t 0  |e TL1 .T75  |h Library of Congress classification  |i unmediated -- volume  |k v.58  |l 1964  |m A14852089953 
952 f f |p ric  |a Texas A&M University  |b Rellis Campus  |c Joint Library Facility  |d Remote Storage  |t 0  |e TL1 .T75  |h Library of Congress classification  |i unmediated -- volume  |k v.57:no.4-12  |l 1963:Apr.-Dec.  |m A14852089946 
952 f f |p ric  |a Texas A&M University  |b Rellis Campus  |c Joint Library Facility  |d Remote Storage  |t 0  |e TL1 .T75  |h Library of Congress classification  |i unmediated -- volume  |k v.67  |l 1973  |m A14852090027 
952 f f |p ric  |a Texas A&M University  |b Rellis Campus  |c Joint Library Facility  |d Remote Storage  |t 0  |e TL1 .T75  |h Library of Congress classification  |i unmediated -- volume  |k v.61  |l 1967  |m A14852089987 
952 f f |p ric  |a Texas A&M University  |b Rellis Campus  |c Joint Library Facility  |d Remote Storage  |t 0  |e TL1 .T75  |h Library of Congress classification  |i unmediated -- volume  |k v.63  |l 1969  |m A14813881496 
952 f f |p ric  |a Texas A&M University  |b Rellis Campus  |c Joint Library Facility  |d Remote Storage  |t 0  |e TL1 .T75  |h Library of Congress classification  |i unmediated -- volume  |k v.66  |l 1972  |m A14852090019 
998 f f |a TL1 .T75  |s v.57-67 (1963-1973)  |t 0  |l Remote Storage